日本の地下鉄が走る都市 - Statistics

General Stats
  • This quiz has been taken 1,404 times
  • The average score is 9 of 9
Answer Stats
Answer % Correct
札幌
99%
東京
99%
大阪
99%
福岡
99%
名古屋
98%
仙台
97%
横浜
97%
京都
97%
神戸
95%
No matching quizzes found
Score Distribution
Percent of People with Each Score
Percentile by Number Answered
Your Score History
You have not taken this quiz